00652nam a22001457a 4500020001500000040000800015082002600023100001700049245004300066260016700109300005200276942001000328999001700338952015100355 a9995058006 cDLC a581 RAT 2005 C279 Or. aTeav Ratanak a Paysages et plantations de Phnom Penh aPhnom Penh,bAmbassade de France au Cambodge, Service de Coopération et d'Action culturelle et Municipalité de Phnom Penh, Bureau des Affaires urbaines,c2005 a80 pages : bcolor illustrations, maps ;c24 cm cAEDBB c22531d22531 0010406581_000000000000000_RAT_2005_C279_OR70996962aLBCbLBCcC279d2024-01-10o581 RAT 2005 C279 Or.pa075088r2024-01-10w2024-01-10yAEDBB